000 00321nam a2200121Ia 4500
008 240624s9999 xx 000 0 und d
041 _aeng
082 _a346.07 BHA
100 _aBHANDARI MUNISH
245 _aHANDBOOK OF CORPORATE ALLIED LAWS
260 _c2015
_aNew Delhi
_bBestword Publications Pvt. Ltd.
365 _cRS
999 _c27825
_d27825